| 000 | 00694nam a2200217 i 4500 | ||
|---|---|---|---|
| 001 | 81751 | ||
| 003 | ES-MaACL | ||
| 005 | 20251211170535.0 | ||
| 007 | t| | ||
| 008 | 041105s1967 sp ||||1| spa d | ||
| 100 | 1 |
_aHytten, Frank E. _964894 |
|
| 245 | 1 | 0 |
_aFisiología del embarazo / _cpor Frank E. Hytten e Isabella Leitch ; con un prólogo de Sugala Baird ; versión J. Esteba Caballería. |
| 250 | _a[1ª ed.]. | ||
| 260 |
_aBarcelona : _bToray, _c[1967] |
||
| 300 |
_aXIV, 523 p. ; _c22 cm. |
||
| 700 | 1 |
_aLeitch, Isabella. _971401 |
|
| 700 | 1 |
_aBaird, Dugala. _924739 |
|
| 700 |
_aEsteba Caballería, J _9202293 |
||
| 852 |
_aES-MaACL _jC-33455 _bR.64085 |
||
| 999 |
_c81751 _d81751 |
||